|
|
|
|
| LEADER |
00713cam a2200205 7i4500 |
| 001 |
0000004255 |
| 005 |
20170218090000.0 |
| 020 |
|
|
|a 047121910X
|
| 090 |
0 |
0 |
|a HG1641
|b .S28 2002
|
| 100 |
1 |
|
|a Saunders, Anthony
|
| 245 |
1 |
0 |
|a Credit risk measurement :
|b new approaches to value at risk and other paradigms
|c Anthony Saunders, Linda Allen.
|
| 260 |
|
|
|a New York:
|b John Wiley,
|c 2002.
|
| 300 |
|
|
|a xiii, 319 p.:
|b ill.;
|c 24 cm.
|
| 504 |
|
|
|a Includes bibliographical references and index
|
| 650 |
0 |
0 |
|a Credit --
|x Management
|
| 650 |
0 |
0 |
|a Bank management
|
| 650 |
0 |
0 |
|a Risk management
|
| 700 |
1 |
|
|a Allen, Linda
|
| 997 |
|
|
|a Business & Accountancy, Faculty
|
| 999 |
|
|
|a 0000004533
|b BOK
|c OPEN SHELF
|e 1st Floor, Shah Alam
|